عرض عادي عرض مارك
  • Kemmerly, Jack E.

مدخل إسم شخص

عدد التسجيلات المستخدمة في: 1

001 - رقم الضبط

  • حقل الضبط: 39626

003 - معرف رقم الضبط

  • حقل الضبط: OSt

005 - تاريخ ووقت أخر عملية

  • حقل الضبط: 20131113204600.0

008 - عناصر بيانات ثابتة الطول

  • حقل تحكم ثابت الطول: 131113|||a|||||| | ||| d

040 ## - مصدر الفهرسة

  • هيئة الفهرسة الأصلية: OSt
  • وكالة الكتابة: OSt

100 ## - مدخل -- أسم شخص

  • إسم شخص: Kemmerly, Jack E.
  • الشكل الكامل للاسم: (Jack Ellsworth),
  • تواريخ مرتبطة بالاسم: 1924-

670 ## - بيانات المصدر موجوده

  • الاستشهاد بالمصدر: Work cat.: (OSt)0: Hayt, William Hart, 1920- 34370, Engineering circuit analysis /, c2002.